Documento firmado por el [Rey Felipe IV] (Record no. 4647)

MARC details
000 -CABECERA
campo de control de longitud fija 01656nam a2200325 a 4500
001 - NÚMERO DE CONTROL
campo de control BRCA_4953
005 - FECHA Y HORA DE LA ÚLTIMA TRANSACCIÓN
campo de control 20190320204856.0
008 - DATOS DE LONGITUD FIJA--INFORMACIÓN GENERAL
campo de control de longitud fija 221010s1662----sp-######v---#000-0#spa-#
041 ## - CÓDIGO DE LENGUA
Código de lengua del texto/banda sonora o título independiente spa
044 ## - CÓDIGO DEL PAÍS DE LA ENTIDAD EDITORA/PRODUCTORA
Código MARC del país sp
084 ## - OTRO NÚMERO DE CLASIFICACIÓN
Número de clasificación DOC52
Número de documento/Ítem .D63
-- 1662
245 10 - MENCIÓN DE TÍTULO
Título Documento firmado por el [Rey Felipe IV]
Mención de responsabilidad, etc. Felipe IV.
260 ## - PUBLICACIÓN, DISTRIBUCIÓN, ETC.
Lugar de publicación, distribución, etc. Madrid
Fecha de publicación, distribución, etc. 1662
300 ## - DESCRIPCIÓN FÍSICA
Extensión [4] fojas
Dimensiones 30 x 21 cm
500 ## - NOTA GENERAL
Nota general Documento firmado el 10 de septiembre de 1662
500 ## - NOTA GENERAL
Nota general Comunicación dirigida a los Virreyes, Presidentes y Gobernadores a las provincias de Perú y Nueva España, demandando que todos los efectos aplicados para la Armada de Barlovento se envíen a éstos Reynos por cuenta parte para que se vuelva a formar la Armada de nuevo como el Rey lo tenía. Firmado como ´Yo el Rey´
500 ## - NOTA GENERAL
Nota general El documento tiene el sello oficial en las fojas 1 y 4
500 ## - NOTA GENERAL
Nota general [Real cédula] firmada como ´Yo el Rey´
500 ## - NOTA GENERAL
Nota general El documento tiene la leyenda DOC. #62
500 ## - NOTA GENERAL
Nota general Papel con marca de agua
500 ## - NOTA GENERAL
Nota general Estado de conservación: Contiene manchas de acidificación, lagunas, roturas, anotaciones de tinta roja, subrayado, injerto en la foja dos y los márgenes estan maltratados
506 0# - NOTA DE RESTRICCIONES AL ACCESO
Limitaciones de acceso Fondo reservado: para su consulta es necesario credencial de usuario y carta de motivos
546 ## - NOTA DE LENGUA/LENGUAJE
Nota de lengua/lenguaje Texto en: español de mediados del siglo XVII
600 14 - PUNTO DE ACCESO ADICIONAL DE MATERIA--NOMBRE DE PERSONA
Nombre de persona Felipe
Numeración IV
Títulos y otros términos asociados al nombre Rey de España
Fechas asociadas al nombre 1605-1665
9 (RLIN) 12598
650 14 - PUNTO DE ACCESO ADICIONAL DE MATERIA--TÉRMINO DE MATERIA
Término de materia o nombre geográfico como elemento de entrada México
9 (RLIN) 4504
651 #4 - PUNTO DE ACCESO ADICIONAL DE MATERIA--NOMBRE GEOGRÁFICO
Nombre geográfico España
Subdivisión de forma Impreso con rúbricas
Subdivisión general Historia
Subdivisión cronológica Casa de Austria, 1516-1700
9 (RLIN) 12599
651 #4 - PUNTO DE ACCESO ADICIONAL DE MATERIA--NOMBRE GEOGRÁFICO
Nombre geográfico México
Subdivisión de forma Impreso con rúbricas
Subdivisión general Historia
Subdivisión cronológica Colonia, 1521-1821
9 (RLIN) 12600
902 ## - CATALOGADOR
Iniciales FDH
942 ## - ELEMENTOS DE PUNTO DE ACCESO ADICIONAL (KOHA)
Fuente del sistema de clasificación o colocación Library of Congress Classification
Tipo de ítem Koha Documentos
Holdings
Estado de retiro Estado de pérdida Estado dañado No para préstamo Localización permanente Ubicación/localización actual Fecha de adquisición Total de préstamos Signatura topográfica completa Código de barras Fecha visto por última vez Precio válido a partir de Tipo de ítem Koha
El ejemplar forma parte de la colección y puede ser consultado según las políticas vigentes.       Biblioteca del Museo Franz Mayer (Rogerio Casas-Alatriste) Biblioteca del Museo Franz Mayer (Rogerio Casas-Alatriste) 22/10/2010   DOC52 .D63 1662 5014 22/03/2019 22/03/2019 Documentos